E-JUSTICE ústavnoprávny pohľad

Na minha lista:
Detalhes bibliográficos
Autor principal: Fridrich, Branislav
Outros Autores: Paľko, Daniel
Formato: Livro
Idioma:eslovaco
Publicado em: Bratislava Iura Edition 2012
Assuntos:
Tags: Adicionar Tag
Sem tags, seja o primeiro a adicionar uma tag!

MARC

LEADER 00000nam a2200000 4500
001 0159572
005 20221207093437.3
022 |a 978-80-8078-477-5 
041 0 |a slo 
044 |a SK 
245 1 0 |a E-JUSTICE  |b ústavnoprávny pohľad  |c Branislav Fridrich, Daniel Paľko 
264 1 |a Bratislava  |b Iura Edition  |c 2012 
300 |a 223 s. 
610 2 0 |a technológie informačné 
610 2 0 |a technológie komunikačné 
610 2 0 |a súdnictvo 
610 2 0 |a právo 
610 2 0 |a normy právne 
610 2 0 |a elektronizácia 
610 2 0 |a spoločnosť informačná 
610 2 0 |a právo ústavné 
610 2 0 |a podpis elektronický 
610 2 0 |a systémy informačné 
610 2 0 |a porovnanie medzinárodné 
610 2 0 |a Slovensko 
610 2 0 |a Európska únia 
100 1 |a Fridrich, Branislav 
700 1 |a Paľko, Daniel